Têtes de Listes aux élections municipales 2026 à Marseille - Statistiques

Statistiques générales
  • Ce quiz a été pris 28 fois
  • Le résultat moyen est 4 sur 8
Statistiques - réponses
Liste Parti Chef de file ou candidat à la mairie % Correct
Pour Marseille, la gauche, les écologistes et les citoyens rassemblés Divers Gauche Benoît Payan
100%
Marseille je t'aime avec ... Divers Droite Martine Vassal
91%
Marseille fière et populaire, avec ... La France Insoumise Sébastien Delogu
91%
Marseille en ordre Rassemblement National Franck Allisio
83%
Marseille Écologie Divers Écologistes Christine Juste
9%
Marseille pour tous Divers Centre Erwan Davoux
9%
Une liste ouvrière et jeune pour la défense des intérêts de la population et des services publics Parti des travailleurs Coralie Raynaud
4%
Lutte Ouvrière - Le camp des travailleurs Lutte Ouvrière Rémy Bazzali
4%
Aucun quiz correspondant
Distribution des résultats
% des personnes avec chaque résultat
Percentile par nombre de réponses
Votre historique - résultats
Vous n’avez pas pris ce quiz